000 00262nam a22001217a 4500
008 170711b xxu||||| |||| 00| 0 eng d
041 _aeng
080 _a030
100 _a23
101 _aENC
245 _aWORLD BOOK ENCYCLOPEDIA
_cFETZER, S
942 _2udc
_cBK
999 _c20213
_d20213